LEADER 00808nam0 2200265 450 001 9910506708303321 005 20211117123041.0 010 $a9788872204061 100 $a20211117d2021----kmuy0itay5050 ba 101 0 $aita 102 $aIT 105 $aa 001yy 200 1 $aBovine da latte$emanagement della stalla$eguida alla corretta gestione da parte del direttore d'azienda$fMichele Campiotti 210 $aVerona$cL' Informatore Agrario$d2021 215 $a208 p.$cill.$d22 cm 610 0 $aBovine da latte 676 $a636.2142$v23$zita 700 1$aCampiotti,$bMichele$0894200 801 0$aIT$bUNINA$gREICAT$2UNIMARC 901 $aBK 912 $a9910506708303321 952 $a60 636.214 CAMM 2021$b652/2021$fFAGBC 959 $aFAGBC 996 $aBovine da latte$91997419 997 $aUNINA LEADER 01130nam 2200397 450 001 9910160286903321 010 $a1-939994-57-8 035 $a(CKB)3710000001023812 035 $a(MiAaPQ)EBC4789117 035 $a(EXLCZ)993710000001023812 100 $a20170204h20172017 uy| 0 101 0 $aeng 135 $aurcnu|||||||| 181 $2rdacontent 182 $2rdamedia 183 $2rdacarrier 200 10$aFreemasonry for beginners /$fby Robert Lomas ; illustrations by Sarah Becan ; foreword by Gordon Echlin 210 1$aDanbury, CT :$cFor Beginners,$d[2017] 210 4$dİ2017 215 $a1 online resource (210 pages) $cillustrations 225 1 $aFor beginners 311 $a1-939994-56-X 320 $aIncludes bibliographical references. 410 0$aFor beginners. 606 $aFreemasonry 615 0$aFreemasonry. 676 $a366.1 700 $aLomas$b Robert$01208617 702 $aBecan$b Sarah 801 0$bMiAaPQ 801 1$bMiAaPQ 801 2$bMiAaPQ 906 $aBOOK 912 $a9910160286903321 996 $aFreemasonry for beginners$92788391 997 $aUNINA